000 00668nam a22002172 4500
001 0000023917
005 20151217152251.0
008 130416s xx 000 0 eng d
020 _a1848800816 :
040 _aKABU
_cKABU
100 1 _aAhmad, Mirza Bashiruddin Mahmud.
_@0000183703
245 1 0 _aLife of Muhammad /
_cMirza Bashiruddin Mahmud Ahmad.
250 _a1st ed.
260 _aTilford, England :
_bIIP,
_c2012.
300 _a395 p.
600 1 0 _aMuhammad, Prophet.
_@0000183704
852 1 _9p500 KES
852 1 _9p500 KES
908 _a130416
950 _@1
999 _c10051
_d10051